000 02677cam a2200445 a 4500
005 20260322212017.0
008 data
010 _a 2006050131
013 _a ***DO NOT UPDATE BIB, AT LTI GAP (UPDATES WILL BE LOST)***
020 _a074329730X
020 _a9780743297301
020 _a9781416549000
029 1 _aYDXCP
_b2423382
029 1 _aNLGGC
_b299104389
029 1 _aNZ1
_b10984728
040 _aDLC
_cDLC
_dDNF
_dBAKER
_dVPL
_dBUR
_dVP@
_dYDXCP
_dP#O
_dBTCTA
_dDNF
049 _aJHEE
_aJHEE
050 0 0 _aHF5387
_b.C677 2006
_9PIMC
_9PIMC
082 0 0 _a174/.4
_222
092 _a174.4 C677 2018
100 1 _aCovey, Stephen M. R.
245 1 4 _aThe speed of trust :
_bthe one thing that changes everything /
_cStephen M. R. Covey & Rebecca R. Merrill.
250 _aThis Free Press Edition
260 _aNew York :
_bFree Press,
_c2018
300 _axxvi, 354 p. :
_bill. ;
_c24 cm.
504 _aIncludes bibliographical references (p. [325]-337) and index.
505 0 _aAcknowledgments -- Foreword / Stephen R. Covey -- The one thing that changes everything -- The first wave--self trust -- The second wave--relationship trust -- The third, fourth, and fifth waves--stakeholder trust -- Inspiring trust -- Notes and references -- Index.
520 _aThis book challenges our age-old assumption that trust is merely a soft, social virtue, and instead demonstrates that it is a hard-edged, economic driver--a learnable and measurable skill that makes organizations more profitable, people more promotable, and relationships more energizing. CEO Covey informs readers how to inspire lasting trust in their personal and professional relationships, and in so doing to create unparalleled success and sustainable prosperity in every dimension of life. He shows business, government, and education leaders how to quickly and permanently gain the trust of their clients, coworkers, partners, and constituents. Like a ripple in the pond, trust begins within each of us personally, continues into our relationships, expands into our organizations, extends into our marketplace relationships, and ultimately encompasses our global society. Covey presents a road map to establish trust on every level, build character and competence, enhance credibility, and create leadership that inspires confidence.--From publisher description.
650 0 _aBusiness ethics.
650 0 _aSuccess in business.
650 2 _aEthics, Business.
650 2 _aTrust.
650 2 _aInterprofessional Relations.
650 2 _aCommerce.
650 _aShared governance
700 1 _aMerrill, Rebecca R.
910 _a2725288
_bHorizon bib#
994 _aC0
_bJHA
001 data
999 _c364
_d364